[Event "DEM U14 2020"]
[Site "Willingen GER"]
[Date "2020.10.21"]
[Round "3"]
[White "Ehrig, Leon Chris"]
[Black "Wiedersich, Hendryk"]
[Result "1/2-1/2"]
[Termination "normal"]
[Board "22"]
[WhiteElo "1718"]
[BlackElo "1570"]
[WhiteClock "00:25:36"]
[BlackClock "00:43:42"]
[PlyCount "94"]
[WhiteFideId "16244796"]
[BlackFideId "16255399"]
[EventCountry "GER"]
[EventRounds "7"]
[EventType "swiss"]
[EventDate "2020.10.19"]

1. e4 {[%clk 1:30:57]} c5 {[%clk 1:30:48]} 2. Nc3 {[%clk 1:31:09]} d6 {[%clk
1:31:11]} 3. f4 {[%clk 1:31:29]} e6 {[%clk 1:31:28]} 4. Nf3 {[%clk 1:31:51]} a6
{[%clk 1:31:22]} 5. g3 {[%clk 1:32:09]} b5 {[%clk 1:31:12]} 6. Bg2 {[%clk
1:32:15]} Bb7 {[%clk 1:31:29]} 7. d3 {[%clk 1:31:44]} Be7 {[%clk 1:30:38]} 8.
O-O {[%clk 1:31:24]} Nd7 {[%clk 1:26:56]} 9. Qe2 {[%clk 1:20:44]} Qc7 {[%clk
1:20:32]} 10. Bd2 {[%clk 1:17:24]} Ngf6 {[%clk 1:14:46]} 11. Rae1 {[%clk
1:13:55]} e5 {[%clk 1:14:53]} 12. Nd1 {[%clk 1:08:43]} O-O {[%clk 1:13:50]} 13.
Ne3 {[%clk 1:05:04]} Rfe8 {[%clk 1:09:43]} 14. fxe5 {[%clk 0:57:14]} Nxe5
{[%clk 1:09:11]} 15. Nxe5 {[%clk 0:56:58]} dxe5 {[%clk 1:09:34]} 16. Nf5 {[%clk
0:57:18]} Bc8 {[%clk 0:59:55]} 17. Nxe7+ {[%clk 0:54:39]} Rxe7 {[%clk 0:57:47]}
18. Bg5 {[%clk 0:54:36]} Bg4 {[%clk 0:57:05]} 19. Qe3 {[%clk 0:51:54]} Re6
{[%clk 0:56:30]} 20. Bxf6 {[%clk 0:51:54]} Rxf6 {[%clk 0:56:35]} 21. Rxf6
{[%clk 0:50:39]} gxf6 {[%clk 0:56:27]} 22. Qh6 {[%clk 0:50:43]} Qb6 {[%clk
0:56:17]} 23. h3 {[%clk 0:50:47]} Be6 {[%clk 0:54:33]} 24. Qxf6 {[%clk
0:46:39]} c4+ {[%clk 0:54:53]} 25. Kh2 {[%clk 0:45:40]} cxd3 {[%clk 0:55:11]}
26. cxd3 {[%clk 0:46:00]} Qd4 {[%clk 0:55:23]} 27. h4 {[%clk 0:41:35]} Qxb2
{[%clk 0:54:56]} 28. h5 {[%clk 0:39:07]} Rc8 {[%clk 0:49:58]} 29. Rf1 {[%clk
0:14:57]} Re8 {[%clk 0:22:04]} 30. h6 {[%clk 0:11:54]} Kf8 {[%clk 0:22:23]} 31.
Rf2 {[%clk 0:11:24]} Qd4 {[%clk 0:21:42]} 32. Bh3 {[%clk 0:09:38]} Qd8 {[%clk
0:15:33]} 33. Qg7+ {[%clk 0:08:56]} Ke7 {[%clk 0:15:53]} 34. Bxe6 {[%clk
0:09:15]} Kxe6 {[%clk 0:15:22]} 35. Qxf7+ {[%clk 0:09:31]} Kd6 {[%clk 0:15:24]}
36. Qd5+ {[%clk 0:08:29]} Kc7 {[%clk 0:15:31]} 37. Rf7+ {[%clk 0:08:45]} Kb6
{[%clk 0:15:22]} 38. Rxh7 {[%clk 0:01:06]} Qg5 {[%clk 0:13:13]} 39. Qb7+ {[%clk
0:01:02]} Ka5 {[%clk 0:13:25]} 40. Qc7+ {[%clk 0:01:22]} Kb4 {[%clk 0:13:35]}
41. Qd6+ {[%clk 0:00:39]} Ka5 {[%clk 0:13:07]} 42. Ra7 {[%clk 0:00:48]} Qh5+
{[%clk 0:13:04]} 43. Kg1 {[%clk 0:27:44]} Qd1+ {[%clk 0:43:25]} 44. Kf2 {[%clk
0:26:46]} Qd2+ {[%clk 0:42:59]} 45. Kf3 {[%clk 0:26:17]} Qd1+ {[%clk 0:43:21]}
46. Ke3 {[%clk 0:25:53]} Qe1+ {[%clk 0:43:42]} 47. Kf3 {[%clk 0:25:36]} Qf1+
1/2-1/2

[Event "DEM U14 2020"]
[Site "Willingen GER"]
[Date "2020.10.22"]
[Round "4"]
[White "Albert, Markus"]
[Black "Halabi, Ibrahim"]
[Result "1-0"]
[Termination "normal"]
[Board "1"]
[WhiteElo "1727"]
[BlackElo "1895"]
[WhiteClock "00:49:25"]
[BlackClock "00:34:24"]
[PlyCount "53"]
[WhiteFideId "16292626"]
[BlackFideId "16241754"]
[EventCountry "GER"]
[EventRounds "7"]
[EventType "swiss"]
[EventDate "2020.10.19"]

1. e4 {[%clk 1:30:48]} c5 {[%clk 1:30:42]} 2. Nf3 {[%clk 1:31:00]} d6 {[%clk
1:30:55]} 3. d4 {[%clk 1:31:16]} cxd4 {[%clk 1:31:03]} 4. Nxd4 {[%clk 1:31:36]}
Nf6 {[%clk 1:31:28]} 5. Nc3 {[%clk 1:31:49]} a6 {[%clk 1:31:25]} 6. Bg5 {[%clk
1:31:50]} e6 {[%clk 1:31:45]} 7. Qe2 {[%clk 1:32:03]} Be7 {[%clk 1:31:34]} 8.
f4 {[%clk 1:31:11]} Qc7 {[%clk 1:29:12]} 9. O-O-O {[%clk 1:28:08]} Nbd7 {[%clk
1:27:54]} 10. g4 {[%clk 1:26:20]} b5 {[%clk 1:26:44]} 11. Bg2 {[%clk 1:21:31]}
Bb7 {[%clk 1:26:15]} 12. e5 {[%clk 1:19:40]} dxe5 {[%clk 1:20:13]} 13. fxe5
{[%clk 1:19:33]} Nd5 {[%clk 1:19:12]} 14. Bxe7 {[%clk 1:19:23]} Nxc3 {[%clk
1:17:32]} 15. bxc3 {[%clk 1:19:33]} Kxe7 {[%clk 1:16:49]} 16. Bxb7 {[%clk
1:19:22]} Qxb7 {[%clk 1:17:05]} 17. Rhf1 {[%clk 1:18:07]} Rac8 {[%clk 1:10:35]}
18. Qe3 {[%clk 1:12:02]} Rhe8 {[%clk 1:01:40]} 19. Nxe6 {[%clk 0:58:12]} Kxe6
{[%clk 0:52:01]} 20. Qg5 {[%clk 0:55:20]} Nxe5 {[%clk 0:49:12]} 21. Qxg7 {[%clk
0:49:32]} Qe7 {[%clk 0:44:32]} 22. g5 {[%clk 0:48:58]} f5 {[%clk 0:38:44]} 23.
Qh6+ {[%clk 0:48:42]} Ng6 {[%clk 0:37:44]} 24. Rfe1+ {[%clk 0:48:50]} Kf7
{[%clk 0:33:42]} 25. Qxh7+ {[%clk 0:48:56]} Kf8 {[%clk 0:33:59]} 26. Rxe7
{[%clk 0:49:13]} Nxe7 {[%clk 0:34:24]} 27. g6 {[%clk 0:49:25]} 1-0

[Event "DEM U14 2020"]
[Site "Willingen GER"]
[Date "2020.10.22"]
[Round "4"]
[White "Laux, Dominik"]
[Black "Eilenberg, Jonas"]
[Result "1-0"]
[Termination "normal"]
[Board "2"]
[WhiteElo "2009"]
[BlackElo "2242"]
[WhiteClock "00:16:08"]
[BlackClock "00:29:34"]
[PlyCount "89"]
[WhiteFideId "12994219"]
[BlackFideId "16204271"]
[EventCountry "GER"]
[EventRounds "7"]
[EventType "swiss"]
[EventDate "2020.10.19"]

1. d4 {[%clk 1:30:44]} e6 {[%clk 1:30:54]} 2. e4 {[%clk 1:30:49]} d5 {[%clk
1:31:07]} 3. Nc3 {[%clk 1:31:11]} Nf6 {[%clk 1:31:32]} 4. e5 {[%clk 1:30:55]}
Nfd7 {[%clk 1:31:56]} 5. Nf3 {[%clk 1:31:08]} c5 {[%clk 1:30:38]} 6. Bg5 {[%clk
1:31:33]} Qb6 {[%clk 1:30:28]} 7. dxc5 {[%clk 1:31:50]} Bxc5 {[%clk 1:28:31]}
8. Qd2 {[%clk 1:31:13]} h6 {[%clk 1:22:36]} 9. Bh4 {[%clk 1:31:01]} Nc6 {[%clk
1:17:57]} 10. O-O-O {[%clk 1:27:09]} g5 {[%clk 1:07:24]} 11. Bg3 {[%clk
1:26:28]} Bb4 {[%clk 1:05:41]} 12. a3 {[%clk 1:15:01]} Be7 {[%clk 1:05:01]} 13.
Nd4 {[%clk 1:09:05]} Nxd4 {[%clk 0:55:40]} 14. Qxd4 {[%clk 1:09:29]} Qxd4
{[%clk 0:55:47]} 15. Rxd4 {[%clk 1:09:54]} Bc5 {[%clk 0:56:15]} 16. Rd2 {[%clk
1:05:08]} a6 {[%clk 0:55:14]} 17. h4 {[%clk 1:00:17]} Rg8 {[%clk 0:53:43]} 18.
Ne2 {[%clk 0:55:09]} Nb8 {[%clk 0:51:29]} 19. hxg5 {[%clk 0:51:00]} hxg5 {[%clk
0:51:37]} 20. Nd4 {[%clk 0:48:05]} Nc6 {[%clk 0:51:23]} 21. Nxc6 {[%clk
0:47:31]} bxc6 {[%clk 0:51:47]} 22. Rh7 {[%clk 0:46:32]} Ke7 {[%clk 0:47:03]}
23. Rd3 {[%clk 0:41:32]} Bb7 {[%clk 0:33:05]} 24. Rb3 {[%clk 0:34:50]} Rab8
{[%clk 0:33:10]} 25. Be2 {[%clk 0:33:57]} Ba8 {[%clk 0:31:19]} 26. Rf3 {[%clk
0:28:55]} Rbf8 {[%clk 0:31:34]} 27. Bxa6 {[%clk 0:28:22]} Rh8 {[%clk 0:31:14]}
28. Rfxf7+ {[%clk 0:27:16]} Rxf7 {[%clk 0:31:39]} 29. Rxh8 {[%clk 0:27:31]} Rf8
{[%clk 0:32:07]} 30. Rxf8 {[%clk 0:26:37]} Kxf8 {[%clk 0:32:35]} 31. b4 {[%clk
0:24:04]} Bb6 {[%clk 0:31:53]} 32. f3 {[%clk 0:23:16]} Kg7 {[%clk 0:31:18]} 33.
a4 {[%clk 0:21:26]} Kg6 {[%clk 0:31:00]} 34. Bc8 {[%clk 0:19:00]} Kf5 {[%clk
0:28:36]} 35. Bh2 {[%clk 0:16:10]} Be3+ {[%clk 0:28:47]} 36. Kd1 {[%clk
0:14:20]} Bf4 {[%clk 0:29:11]} 37. Bxf4 {[%clk 0:14:06]} gxf4 {[%clk 0:29:33]}
38. b5 {[%clk 0:14:17]} cxb5 {[%clk 0:28:20]} 39. axb5 Kxe5 {[%clk 0:28:26]}
40. b6 {[%clk 0:15:07]} Kd4 {[%clk 0:28:10]} 41. b7 {[%clk 0:15:15]} Bxb7
{[%clk 0:28:35]} 42. Bxb7 {[%clk 0:15:32]} Ke3 {[%clk 0:28:59]} 43. Ke1 {[%clk
0:15:24]} d4 {[%clk 0:29:23]} 44. Be4 {[%clk 0:15:42]} e5 {[%clk 0:29:34]} 45.
Bd3 {[%clk 0:16:08]} 1-0

[Event "DEM U14 2020"]
[Site "Willingen GER"]
[Date "2020.10.22"]
[Round "4"]
[White "Costa, Leonardo"]
[Black "Pikalow, Michael"]
[Result "1-0"]
[Termination "normal"]
[Board "3"]
[WhiteElo "2165"]
[BlackElo "2021"]
[WhiteClock "00:05:21"]
[BlackClock "00:02:11"]
[PlyCount "75"]
[WhiteFideId "16213955"]
[BlackFideId "16227638"]
[EventCountry "GER"]
[EventRounds "7"]
[EventType "swiss"]
[EventDate "2020.10.19"]

1. e4 {[%clk 1:30:59]} c5 {[%clk 1:30:49]} 2. Nf3 {[%clk 1:31:24]} d6 {[%clk
1:31:14]} 3. d4 {[%clk 1:31:51]} cxd4 {[%clk 1:31:41]} 4. Nxd4 {[%clk 1:32:16]}
Nf6 {[%clk 1:32:04]} 5. Nc3 {[%clk 1:32:44]} a6 {[%clk 1:32:30]} 6. Bd3 {[%clk
1:33:06]} e5 {[%clk 1:32:19]} 7. Nde2 {[%clk 1:33:31]} Be7 {[%clk 1:32:41]} 8.
O-O {[%clk 1:33:51]} O-O {[%clk 1:33:07]} 9. Ng3 {[%clk 1:34:06]} Bg4 {[%clk
1:33:32]} 10. Be2 {[%clk 1:26:51]} Be6 {[%clk 1:33:40]} 11. Nd5 {[%clk
1:20:36]} Nxd5 {[%clk 1:28:03]} 12. exd5 {[%clk 1:21:00]} Bc8 {[%clk 1:28:24]}
13. c4 {[%clk 1:07:17]} f5 {[%clk 1:22:23]} 14. Qc2 {[%clk 1:05:53]} Qc7 {[%clk
1:14:40]} 15. Bd2 {[%clk 1:02:06]} a5 {[%clk 1:08:59]} 16. Rfc1 {[%clk
0:54:08]} Na6 {[%clk 1:07:19]} 17. f3 {[%clk 0:47:17]} g6 {[%clk 0:59:21]} 18.
a3 {[%clk 0:44:58]} h5 {[%clk 0:55:56]} 19. Kh1 {[%clk 0:43:53]} h4 {[%clk
0:47:17]} 20. Nf1 {[%clk 0:43:38]} h3 {[%clk 0:38:55]} 21. gxh3 {[%clk
0:43:08]} Kg7 {[%clk 0:33:36]} 22. Ne3 {[%clk 0:40:07]} Rh8 {[%clk 0:28:53]}
23. Rg1 {[%clk 0:34:37]} Kf7 {[%clk 0:26:21]} 24. Rg2 {[%clk 0:26:40]} Bd7
{[%clk 0:25:38]} 25. Rag1 {[%clk 0:27:05]} Rag8 {[%clk 0:25:22]} 26. Bd3 {[%clk
0:23:09]} Nc5 {[%clk 0:22:28]} 27. Nxf5 {[%clk 0:22:48]} Nxd3 {[%clk 0:12:21]}
28. Nxe7 {[%clk 0:18:55]} Kxe7 {[%clk 0:12:43]} 29. Qxd3 {[%clk 0:19:22]} Bf5
{[%clk 0:12:54]} 30. Qe2 {[%clk 0:18:11]} Rxh3 {[%clk 0:11:29]} 31. b4 {[%clk
0:15:12]} axb4 {[%clk 0:09:15]} 32. axb4 {[%clk 0:15:31]} Ra8 {[%clk 0:09:04]}
33. c5 {[%clk 0:14:14]} Ra3 {[%clk 0:08:17]} 34. Bf4 {[%clk 0:06:07]} Kf6
{[%clk 0:07:50]} 35. Re1 {[%clk 0:05:01]} Kf7 {[%clk 0:01:32]} 36. cxd6 {[%clk
0:04:47]} Qxd6 {[%clk 0:02:00]} 37. Bxe5 {[%clk 0:05:08]} Qxd5 {[%clk 0:02:11]}
38. Bb2 {[%clk 0:05:21]} 1-0

[Event "DEM U14 2020"]
[Site "Willingen GER"]
[Date "2020.10.22"]
[Round "4"]
[White "Hecht, Jonas Christian"]
[Black "Bakiev, Diyor"]
[Result "0-1"]
[Termination "normal"]
[Board "4"]
[WhiteElo "1764"]
[BlackElo "2070"]
[WhiteClock "01:09:43"]
[BlackClock "00:26:38"]
[PlyCount "100"]
[WhiteFideId "16214846"]
[BlackFideId "16241584"]
[EventCountry "GER"]
[EventRounds "7"]
[EventType "swiss"]
[EventDate "2020.10.19"]

1. c4 {[%clk 1:30:57]} e5 {[%clk 1:30:48]} 2. Nc3 {[%clk 1:31:22]} Nf6 {[%clk
1:31:12]} 3. Nf3 {[%clk 1:31:48]} Nc6 {[%clk 1:31:36]} 4. g3 {[%clk 1:32:14]}
d5 {[%clk 1:31:47]} 5. cxd5 {[%clk 1:32:34]} Nxd5 {[%clk 1:32:11]} 6. Bg2
{[%clk 1:32:57]} Nb6 {[%clk 1:32:32]} 7. O-O {[%clk 1:33:12]} Be7 {[%clk
1:32:53]} 8. a3 {[%clk 1:33:00]} O-O {[%clk 1:33:15]} 9. b4 {[%clk 1:33:23]}
Be6 {[%clk 1:33:10]} 10. Rb1 {[%clk 1:33:42]} f6 {[%clk 1:31:31]} 11. d3 {[%clk
1:33:07]} a5 {[%clk 1:29:50]} 12. b5 {[%clk 1:28:15]} Nd4 {[%clk 1:29:50]} 13.
Nxd4 {[%clk 1:25:34]} exd4 {[%clk 1:29:08]} 14. Na4 {[%clk 1:25:35]} Bd5 {[%clk
1:17:39]} 15. Nxb6 {[%clk 1:25:33]} cxb6 {[%clk 1:16:53]} 16. Bh3 {[%clk
1:20:43]} a4 {[%clk 1:11:48]} 17. Bb2 {[%clk 1:17:25]} Bc5 {[%clk 1:10:45]} 18.
Bg2 {[%clk 1:15:58]} Bxg2 {[%clk 0:50:04]} 19. Kxg2 {[%clk 1:16:22]} Qd7 {[%clk
0:50:13]} 20. Bc1 {[%clk 1:16:26]} Rfe8 {[%clk 0:47:43]} 21. Re1 {[%clk
1:16:13]} Re5 {[%clk 0:45:29]} 22. h4 {[%clk 1:13:27]} Bf8 {[%clk 0:43:04]} 23.
Qc2 {[%clk 1:10:58]} Rc5 {[%clk 0:41:33]} 24. Qb2 {[%clk 1:09:36]} Rac8 {[%clk
0:36:45]} 25. f3 {[%clk 1:05:44]} Qd5 {[%clk 0:31:41]} 26. Qa1 {[%clk 1:05:03]}
Rc2 {[%clk 0:26:44]} 27. Rb2 {[%clk 1:03:21]} R8c3 {[%clk 0:20:19]} 28. Rxc2
{[%clk 1:00:03]} Rxc2 {[%clk 0:20:40]} 29. Bb2 {[%clk 0:58:48]} Qxb5 {[%clk
0:16:37]} 30. Bxd4 {[%clk 0:58:10]} Qxd3 {[%clk 0:16:31]} 31. Kf2 {[%clk
0:49:15]} Qxa3 {[%clk 0:12:57]} 32. Qxa3 {[%clk 0:49:12]} Bxa3 {[%clk 0:13:23]}
33. Ra1 {[%clk 0:49:35]} Rc4 {[%clk 0:12:52]} 34. Bxb6 {[%clk 0:48:12]} Bb2
{[%clk 0:12:29]} 35. Ra2 {[%clk 0:47:47]} a3 {[%clk 0:12:43]} 36. Ke3 {[%clk
0:47:34]} Rb4 {[%clk 0:09:45]} 37. Bc5 {[%clk 0:47:42]} Ra4 {[%clk 0:09:39]}
38. Kd3 {[%clk 0:47:45]} b5 {[%clk 0:08:46]} 39. Be3 {[%clk 0:46:12]} Kf7
{[%clk 0:05:45]} 40. Bc5 {[%clk 0:45:33]} Ke6 {[%clk 0:05:03]} 41. e4 {[%clk
0:43:20]} g6 {[%clk 0:03:42]} 42. f4 {[%clk 0:41:44]} f5 {[%clk 0:02:05]} 43.
e5 {[%clk 0:40:01]} Kd5 {[%clk 0:02:24]} 44. Bd6 {[%clk 0:40:26]} b4 {[%clk
0:29:38]} 45. Kc2 {[%clk 1:10:17]} Kc4 {[%clk 0:29:52]} 46. Rxb2 {[%clk
1:09:38]} a2 {[%clk 0:26:30]} 47. Rxa2 {[%clk 1:09:13]} Rxa2+ {[%clk 0:26:55]}
48. Kb1 {[%clk 1:09:29]} Re2 {[%clk 0:26:48]} 49. Kc1 {[%clk 1:09:34]} Kc3
{[%clk 0:26:50]} 50. Kd1 {[%clk 1:09:43]} Re4 {[%clk 0:26:38]} 0-1

[Event "DEM U14 2020"]
[Site "Willingen GER"]
[Date "2020.10.22"]
[Round "4"]
[White "Chassard, Cedric"]
[Black "Foerster-Yialamas, Lucas"]
[Result "1/2-1/2"]
[Termination "normal"]
[Board "6"]
[BlackTitle "CM"]
[WhiteElo "1916"]
[BlackElo "2033"]
[WhiteClock "00:17:09"]
[BlackClock "00:53:12"]
[PlyCount "132"]
[WhiteFideId "16243536"]
[BlackFideId "30901774"]
[EventCountry "GER"]
[EventRounds "7"]
[EventType "swiss"]
[EventDate "2020.10.19"]

1. e4 {[%clk 1:30:57]} c5 {[%clk 1:31:00]} 2. Nf3 d6 3. Bb5+ {[%clk 1:31:55]}
Nd7 {[%clk 1:31:59]} 4. Ba4 {[%clk 1:32:23]} Ngf6 {[%clk 1:29:31]} 5. O-O
{[%clk 1:32:11]} a6 {[%clk 1:26:13]} 6. c4 {[%clk 1:32:32]} e5 {[%clk 1:25:49]}
7. Nc3 {[%clk 1:30:33]} g6 {[%clk 1:25:37]} 8. d3 {[%clk 1:29:36]} Bg7 {[%clk
1:25:26]} 9. h3 {[%clk 1:13:14]} O-O {[%clk 1:25:45]} 10. Bxd7 {[%clk 1:09:38]}
Bxd7 {[%clk 1:25:59]} 11. a4 {[%clk 1:06:58]} b6 {[%clk 1:24:25]} 12. Nh2
{[%clk 0:45:50]} Nh5 {[%clk 1:20:18]} 13. Nd5 {[%clk 0:44:54]} Be6 {[%clk
1:20:25]} 14. Be3 {[%clk 0:37:42]} Bxd5 {[%clk 1:20:39]} 15. cxd5 {[%clk
0:38:02]} Qd7 {[%clk 1:19:28]} 16. Rb1 {[%clk 0:29:01]} Nf4 {[%clk 1:15:15]}
17. Bxf4 {[%clk 0:24:58]} exf4 {[%clk 1:15:43]} 18. Nf3 {[%clk 0:24:34]} h6
{[%clk 1:14:50]} 19. Kh2 {[%clk 0:19:16]} f5 {[%clk 1:12:12]} 20. Nh4 {[%clk
0:18:26]} fxe4 {[%clk 1:07:58]} 21. dxe4 {[%clk 0:18:15]} Kh7 {[%clk 1:04:39]}
22. Qg4 {[%clk 0:13:37]} Qxg4 {[%clk 1:04:17]} 23. hxg4 {[%clk 0:14:03]} Bf6
{[%clk 1:01:37]} 24. Nf3 {[%clk 0:13:56]} b5 {[%clk 1:00:15]} 25. Nd2 {[%clk
0:11:24]} c4 {[%clk 0:59:35]} 26. Rfc1 {[%clk 0:09:09]} Bd4 {[%clk 0:56:13]}
27. f3 {[%clk 0:09:03]} Rfc8 {[%clk 0:55:54]} 28. Rc2 {[%clk 0:07:26]} Rc7
{[%clk 0:50:13]} 29. Ra1 {[%clk 0:06:16]} Rcc8 {[%clk 0:47:32]} 30. Rb1 {[%clk
0:05:26]} Ra7 {[%clk 0:46:40]} 31. Nb3 {[%clk 0:04:42]} Bb6 {[%clk 0:45:05]}
32. Rd1 {[%clk 0:03:08]} Rac7 {[%clk 0:43:53]} 33. Nd4 {[%clk 0:03:14]} Bxd4
{[%clk 0:44:17]} 34. Rxd4 {[%clk 0:03:42]} b4 {[%clk 0:41:56]} 35. b3 {[%clk
0:02:42]} a5 {[%clk 0:39:55]} 36. bxc4 {[%clk 0:01:07]} Kg7 {[%clk 0:40:24]}
37. e5 {[%clk 0:00:42]} dxe5 {[%clk 0:40:29]} 38. Rd1 {[%clk 0:00:37]} Rd7
{[%clk 0:35:43]} 39. c5 {[%clk 0:00:42]} b3 {[%clk 0:34:09]} 40. Rc3 {[%clk
0:00:40]} b2 {[%clk 0:30:29]} 41. d6 {[%clk 0:00:34]} Rc6 {[%clk 0:30:40]} 42.
Rb1 {[%clk 0:29:54]} Rdxd6 {[%clk 0:57:59]} 43. Rxb2 {[%clk 0:29:37]} Rd4
{[%clk 0:57:22]} 44. Rb6 {[%clk 0:26:46]} Rxb6 {[%clk 0:55:49]} 45. cxb6 {[%clk
0:27:09]} Rb4 {[%clk 0:56:13]} 46. Rc5 {[%clk 0:25:26]} Rxb6 {[%clk 0:55:59]}
47. Rxe5 {[%clk 0:22:28]} Ra6 {[%clk 0:55:31]} 48. g3 {[%clk 0:22:03]} fxg3+
{[%clk 0:55:15]} 49. Kxg3 {[%clk 0:22:31]} g5 {[%clk 0:54:57]} 50. Rc5 {[%clk
0:22:00]} Kf7 {[%clk 0:54:22]} 51. f4 {[%clk 0:21:51]} gxf4+ {[%clk 0:54:42]}
52. Kxf4 {[%clk 0:22:14]} Ke7 {[%clk 0:54:31]} 53. Kg3 {[%clk 0:20:09]} Kf6
{[%clk 0:54:47]} 54. Kh4 {[%clk 0:20:12]} Kg6 {[%clk 0:50:54]} 55. Rb5 {[%clk
0:20:14]} Ra7 {[%clk 0:50:18]} 56. Rb6+ {[%clk 0:20:27]} Kg7 {[%clk 0:50:39]}
57. Kh5 {[%clk 0:19:57]} Rc7 {[%clk 0:50:29]} 58. Rg6+ {[%clk 0:18:34]} Kf7
{[%clk 0:50:47]} 59. Rxh6 {[%clk 0:16:37]} Rc4 {[%clk 0:51:03]} 60. Rh7+ {[%clk
0:16:47]} Kg8 {[%clk 0:50:46]} 61. Ra7 {[%clk 0:16:40]} Rxa4 {[%clk 0:51:06]}
62. g5 {[%clk 0:16:49]} Rf4 {[%clk 0:51:26]} 63. Rxa5 {[%clk 0:16:06]} Rf8
{[%clk 0:51:55]} 64. Ra7 {[%clk 0:16:25]} Rb8 {[%clk 0:52:19]} 65. Kh6 {[%clk
0:16:44]} Rb6+ {[%clk 0:52:45]} 66. g6 {[%clk 0:17:09]} Rb8 {[%clk 0:53:12]}
1/2-1/2

[Event "DEM U14 2020"]
[Site "Willingen GER"]
[Date "2020.10.22"]
[Round "4"]
[White "Tham, Nam"]
[Black "Ohler, Julius"]
[Result "0-1"]
[Termination "normal"]
[Board "7"]
[WhiteElo "1890"]
[BlackElo "2011"]
[WhiteClock "00:38:12"]
[BlackClock "00:23:58"]
[PlyCount "102"]
[WhiteFideId "12997331"]
[BlackFideId "16238982"]
[EventCountry "GER"]
[EventRounds "7"]
[EventType "swiss"]
[EventDate "2020.10.19"]

1. e4 {[%clk 1:30:56]} c6 {[%clk 1:30:57]} 2. Nc3 {[%clk 1:31:21]} d5 {[%clk
1:31:23]} 3. Nf3 {[%clk 1:31:45]} Bg4 {[%clk 1:31:50]} 4. h3 {[%clk 1:32:07]}
Bxf3 {[%clk 1:32:15]} 5. Qxf3 {[%clk 1:32:32]} e6 {[%clk 1:32:35]} 6. d4 {[%clk
1:32:28]} Nf6 {[%clk 1:31:43]} 7. Bg5 {[%clk 1:23:49]} Be7 {[%clk 1:31:20]} 8.
O-O-O {[%clk 1:22:03]} dxe4 {[%clk 1:29:53]} 9. Nxe4 {[%clk 1:22:13]} Nxe4
{[%clk 1:30:13]} 10. Bxe7 {[%clk 1:22:36]} Qxe7 {[%clk 1:30:33]} 11. Qxe4
{[%clk 1:23:02]} Nd7 {[%clk 1:30:37]} 12. Kb1 {[%clk 1:23:16]} Nf6 {[%clk
1:30:41]} 13. Qf3 {[%clk 1:23:17]} O-O-O {[%clk 1:29:16]} 14. g4 {[%clk
1:20:39]} h6 {[%clk 1:20:32]} 15. Bg2 {[%clk 1:20:31]} Rhe8 {[%clk 1:19:36]}
16. Rhe1 {[%clk 1:20:47]} Qc7 {[%clk 1:19:26]} 17. c4 {[%clk 1:20:17]} Kb8
{[%clk 1:18:22]} 18. d5 {[%clk 1:17:58]} exd5 {[%clk 1:17:29]} 19. Rxe8 {[%clk
1:18:20]} Rxe8 {[%clk 1:17:29]} 20. cxd5 {[%clk 1:18:27]} Nxd5 {[%clk 1:14:21]}
21. Qb3 {[%clk 1:17:22]} Nb6 {[%clk 1:12:02]} 22. Bf3 {[%clk 1:09:09]} f6
{[%clk 0:58:46]} 23. Qd3 {[%clk 1:07:34]} Re7 {[%clk 0:56:51]} 24. Qh7 {[%clk
1:01:10]} a6 {[%clk 0:53:21]} 25. Be4 {[%clk 0:58:43]} Ka7 26. f3 {[%clk
0:58:24]} Qe5 {[%clk 0:50:03]} 27. b3 {[%clk 0:54:18]} Qc3 {[%clk 0:42:33]} 28.
Qg8 {[%clk 0:54:11]} Nd5 {[%clk 0:39:37]} 29. Rc1 {[%clk 0:50:58]} Qd4 {[%clk
0:36:29]} 30. Qf8 Rd7 {[%clk 0:31:44]} 31. Qe8 {[%clk 0:43:49]} Rd8 {[%clk
0:29:18]} 32. Qxd8 {[%clk 0:40:42]} Nc3+ {[%clk 0:29:37]} 33. Rxc3 {[%clk
0:41:10]} Qxd8 {[%clk 0:30:02]} 34. Rd3 {[%clk 0:41:36]} Qe7 {[%clk 0:29:57]}
35. h4 {[%clk 0:41:44]} f5 {[%clk 0:26:08]} 36. Bxf5 {[%clk 0:42:07]} Qxh4
{[%clk 0:26:19]} 37. Be4 {[%clk 0:41:50]} Qf6 38. a3 {[%clk 0:41:31]} g6 {[%clk
0:25:19]} 39. Rd7 {[%clk 0:41:26]} h5 {[%clk 0:25:19]} 40. gxh5 {[%clk
0:41:51]} gxh5 {[%clk 0:25:45]} 41. Rh7 {[%clk 0:42:15]} h4 {[%clk 0:25:51]}
42. b4 {[%clk 0:42:31]} Kb8 {[%clk 0:24:57]} 43. Kc2 {[%clk 0:42:38]} Qf4
{[%clk 0:24:16]} 44. Kb3 Qg3 45. a4 {[%clk 0:40:09]} h3 {[%clk 0:23:25]} 46. b5
{[%clk 0:40:33]} axb5 {[%clk 0:23:27]} 47. axb5 {[%clk 0:40:59]} cxb5 {[%clk
0:23:28]} 48. Rxb7+ {[%clk 0:40:06]} Kc8 {[%clk 0:23:44]} 49. Rh7 {[%clk
0:38:38]} h2 {[%clk 0:23:45]} 50. Bb7+ {[%clk 0:38:22]} Kb8 {[%clk 0:23:52]}
51. Kb4 {[%clk 0:38:12]} Qe1+ {[%clk 0:23:58]} 0-1